000
00314nam a2200121Ia 4500
008
190216s9999||||xx |||||||||||||| ||und||
100
_a
Krishna Prasad
245
0
_a
Hindi- Mahakavi Bhavbhuti Kee Natyakala Aur Mahaveercharit
260
_b
Salook Prakashan
_c
2008
300
_a
159
650
_a
Hindi
942
_c
BK
999
_c
16856
_d
16856